000 00369nam a2200133Ia 4500
008 240624s9999 xx 000 0 und d
041 _aeng
082 _a519.5 KUM
100 _aKUME HITOSHI
245 _aSTATISTICAL METHODS FOR QUALITY IMPROVEM
260 _c2006
_aMadras
_bProductivity Press (india) Pvt Ltd
300 _ax, : 231 : p. : cm. ; 21
365 _cRS
_b30
999 _c12804
_d12804